| 000 | 01568nam0a2200337 i 4500 | ||
|---|---|---|---|
| 001 | RU\NLR\BIBL_A\010728627 | ||
| 005 | 20241105183028.0 | ||
| 010 |
_a9785995004523 _92000 |
||
| 021 |
_aRU _b2015-9591 _9997 |
||
| 035 | _a(NILC)RuMoRGB-007885606 | ||
| 035 | _a(NLR Aleph) 010728627 | ||
| 090 |
_a9854674 _c9854674 |
||
| 100 | _a20150414d2014 m y0rusy50 ca | ||
| 101 | 0 | _arus | |
| 102 | _aRU | ||
| 105 | _aab z 001yy | ||
| 200 | 1 |
_aНа фронтах Великой войны _eвоспоминания, 1914-1918 _fА. В. Черныш _g[вступ. ст. и примеч. А. В. Посадского] _gРоссийское ист. о-во, Федер. арх. агентство, Гос. арх. Рос. Федерации |
|
| 210 |
_aМосква _cКучково поле _d2014 |
||
| 215 |
_a366, [1] с., [12] л. цв. ил., карты _d21 |
||
| 225 | 1 | _aЖивая история | |
| 320 | _aБиблиогр. в примеч.: с. 302-361 | ||
| 320 | _aУказ. имен: с. 362-364 | ||
| 601 | 0 | 2 |
_aАрмейский корпус _c17 _jВоспоминания, записки и т.п _xБоевые действия _x1914 - 1918 _92233820 _3RU\NLR\AUTH\6601572806 |
| 686 | 1 | _aЦ35(2)523-421,013 | |
| 686 | 1 | _aТ3(2)524.11,013 | |
| 700 | 1 |
_aЧерныш _bА. В. _f1884-1967 _gАндрей Васильевич |
|
| 801 | 0 |
_aRU _bРГБ _c20150312 _gRCR |
|
| 942 | _cBOOK | ||
| 980 | _aNBR | ||